000 01107nam a22002537a 4500
005 20170123164159.0
010 _aB-210352
020 _c175.00
035 _aB-210352
037 _bCen Lib/Ret
040 _aDPL
_bPN
082 _a080
_bਸ਼ਰਮਾ
100 _aਸ਼ਰਮਾ, ਟੀ. ਆਰ.
_9140494
245 _aਛੋਟੀਆਂ ਛੋਟੀਆਂ ਕੀੜੀਆਂ ਵੱਡੇ ਵੱਡੇ ਵਿਚਾਰ /
_cਟੀ. ਆਰ. ਸ਼ਰਮਾ
246 _aChotian chotian keerian bade bade vichar /
_bby T. R. Sharma
260 _aਚੰਡੀਗੜ੍ਹ
_bਲੋਕਗੀਤ ਪ੍ਰਕਾਸ਼ਨ
_c2006
270 _bਚੰਡੀਗੜ੍ਹ
_aSCO 26-27, Sector 34A
_e160022
300 _a172p .
_c19cm(hb)
650 _aਪੱਤਰਕਾਰੀ - ਭਾਰਤ ਨੂੰ - ਇਤਿਹਾਸ - 19 ਪੱਟੀ.
_9140495
650 _aHindi--journalism
_943511
650 _aJournalism -- India -- History -- 19th century.
_9140496
650 _aਪੰਜਾਬੀ -- ਪੱਤਰਕਾਰੀਤਾ
_9140497
942 _2ddc
_cPN
_h080
_mਸ਼ਰਮਾ
999 _c110919
_d110919